000 00736nam a22002297a 4500
999 _c10071
_d10071
003 GBCCL
005 20241126110724.0
008 240229b ||||| |||| 00| 0 eng d
020 _a9789389069174,
020 _a9389069173
040 _cgbc
082 _a259.4
_bBIP
100 _aBipinlal ,L. V.
_917478
245 _aLoved to love :
_bmarital quality of childless couples /
_cL. V. Bipinlal
260 _aBangalore,
_bOmega Book World,
_c2019
300 _axxiii, 97 pages ;
_c21 cm
650 _aChildlessness
_917479
650 _aChildlessness
_zIndia
_zTrivandrum (District)
_917480
650 _aInterpersonal relations
_9937
650 _aPastoral counseling
_zIndia
_zTrivandrum (District)
_917481
942 _2ddc
_cBK